common polyatomic ions name ACT - Statistics

General Stats
  • This quiz has been taken 15 times
  • The average score is 13 of 24
Answer Stats
Answer Hint % Correct
NH4+ ammonium
100%
OH- hydroxide
100%
ClO- hypochlorite
86%
CN- cyanide
86%
BrO3- bromate
71%
C2H3O2 - acetate
71%
ClO3- chlorate
71%
CO3 2- carbonate
71%
PO4 3- phosphate
71%
SO4 2- sulfate
71%
ClO4- perchlorate
57%
HCO3- hydrogen carbonate
57%
MnO4- permanganate
57%
NO2- nitrite
57%
ClO2- chlorite
43%
HPO4 2- hydrogen phosphate
43%
IO3- iodate
43%
Cr2O7 2- dichromate
29%
CrO4 2- chromate
29%
O2 2- peroxide
29%
SO3 2- sulfite
29%
AsO4 3- arsenate
14%
IO4- periodate
14%
S2O3 2- thiosulfate
14%
No matching quizzes found
Score Distribution
Percent of People with Each Score
Percentile by Number Answered
Your Score History
You have not taken this quiz